Captain Marvel (2019): Random Characters - Statistics

General Stats
  • This quiz has been taken 9 times
  • The average score is 4 of 16
Answer Stats
Hint Answer % Correct
Stan Lee Stan Lee
100%
Mark Ruffalo Bruce Banner
67%
Chris Evans Steve Rogers
67%
Scarlett Johansson Natasha Romanoff
56%
Don Cheadle James Rhodes
44%
Ana Ayora Agent Whitcher
11%
Kenneth Mitchell Joseph Danvers
11%
Matthew Maher Norex
11%
Sharon Blynn Soren
11%
Colin Ford Steve Danvers
11%
Pete Ploszek Bret Johnson
0%
Connor Ryan Cadet Livanson
0%
Stephen "Cajun" Del Bagno Cajun
0%
Chuku Modu Soh-Larr
0%
Matthew "Spider" Kimmel Spider
0%
Richard Zeringue Tom The Neighbor
0%
No matching quizzes found
Score Distribution
Percent of People with Each Score
Percentile by Number Answered
Your Score History
You have not taken this quiz